| 000 | 00978cam a2200325 4500 | ||
|---|---|---|---|
| 008 | 000000n2000 000 0 eng u | ||
| 020 | _a0728203332 | ||
| 035 | _a(Sirsi) u105106 | ||
| 050 | _a690.8 | ||
| 100 | _aMarshall, Duncan | ||
| 245 | 4 | _aThe construction of houses | |
| 250 | _a3rd ed. | ||
| 260 |
_aLondon _bEstates Gazette _c2000 |
||
| 300 | _avii, 320p. : ill. ; 30cm. | ||
| 350 | _a27.50 | ||
| 520 | _aSuperseded by the fourth edition (ISBN 072820486X). | ||
| 650 |
_aBlock management _96220 |
||
| 650 | _aFLAT ROOFS | ||
| 650 | _aBUILT ENVIRONMENT-BUILDING ELEMENTS-COMPLETE BUILDING ELEMENTS-FLOORS | ||
| 650 | _aHOUSE BUILDING | ||
| 650 | _aRENDERING | ||
| 650 | _aBUILT ENVIRONMENT-BUILDING ELEMENTS-COMPLETE BUILDING ELEMENTS-ROOFS | ||
| 650 | _aWINDOWS | ||
| 650 | _aDRAINAGE | ||
| 650 | _aTIMBER-FRAMED HOUSES | ||
| 650 | _aHEATING | ||
| 690 | _aBUILT ENVIRONMENT-CONSTRUCTION DESIGN | ||
| 700 | _aWorthing, Derek | ||
| 942 | _n0 | ||
| 999 |
_c100328 _d100328 |
||